Štúdium spektroskopických vlastností fotografií 20. storočia

Saved in:
Bibliographic Details
Main Author: Ivaňová, Monika (Author)
Other Authors: Jančovičová, Viera (Thesis advisor)
Format: Manuscript Book
Language:Slovak
Published: 2018
Subjects:
Online Access:http://is.stuba.sk/zp/portal_zp.pl?podrobnosti=136221
Tags: Add Tag
No Tags, Be the first to tag this record!

MARC

LEADER 00000ntm a22000003a 4500
001 stuzp69879
003 SK-STU
005 20180602211421.0
007 ta
008 150427s2015----xo-----f-mn---000-0-slo-d
040 |a STU  |b slo 
041 0 |a slo 
100 1 |a Ivaňová, Monika  |u 049160  |k Z4  |4 aut  |U FCHPT Ústav prírodných a syntetických polymérov  |T FCHPT Oddelenie polygrafie a aplikovanej fotochémie  |X 62525  |U C9160  |Y 127  |7 62525 
242 0 1 |a The study of spectroscopic properties of photography of the 20th century  |y eng 
245 1 0 |a Štúdium spektroskopických vlastností fotografií 20. storočia 
260 |c 2018 
650 4 |a svetelné starnutie  |2 slo 
650 4 |a datovanie  |2 slo 
650 4 |a ochranné fólie  |2 slo 
650 4 |a historická fotografia  |2 slo 
650 4 |a spektroskopia  |2 slo 
650 4 |a protective foil  |2 eng 
650 4 |a historical photography  |2 eng 
650 4 |a light aging  |2 eng 
650 4 |a dating  |2 eng 
650 4 |a spectroscopy  |2 eng 
700 1 |a Jančovičová, Viera  |u 049160  |k Z1  |4 ths  |U FCHPT Ústav prírodných a syntetických polymérov  |T FCHPT Oddelenie polygrafie a aplikovanej fotochémie  |X 3376  |U C9160  |Y 127  |7 A000003376 
856 4 |u http://is.stuba.sk/zp/portal_zp.pl?podrobnosti=136221